| 000 | 00788nam a22002417a 4500 | ||
|---|---|---|---|
| 005 | 20251108172853.0 | ||
| 008 | 250721s9999 xx 000 0 ara d | ||
| 082 | 1 | 4 | _aط/ 372.21/ نصا |
| 100 | 1 | _aزغلول، أحمد | |
| 245 | 1 | 0 | _aنصائح تربوية للأطفال :مع المواصلات - مع البيئة / |
| 264 | 1 |
_aحلب : _bدار القلم العربي، |
|
| 300 | _a2ج | ||
| 490 | 0 | _aنصائح تربوية للأطفال | |
| 650 | 1 | 7 | _aالأطفال |
| 650 | 1 | 7 | _aالتعليم ما قبل المدرسة |
| 650 | 1 | 7 | _aالمواصلات |
| 650 | 1 | 7 | _aإشارات المرور |
| 650 | 1 | 7 | _aالبيئة |
| 650 | 1 | 7 | _aالنظافة |
| 653 | _aاطفال مرحلة متوسطة (6-9) سنوات | ||
| 942 |
_2ddc _cBK |
||
| 999 |
_c90530 _d90530 |
||